000 00844nam a2200241 i 4500
001 34946
003 ES-MaACL
005 20231204183641.0
007 t|
008 030211s1946 sp f ||||1| spa d
080 _a327(00)"19"
080 _a940.3
100 1 _aBonsal, Stephen.
_930297
245 1 0 _aLitigantes y pedigüeños
_b: las pequeñas naciones de Versalles /
_cpor Stephen Bonsal ; prólogo de Carlos Sentís ; traducción del inglés por Rafael Vázquez-Zamora.
250 _a[1ª ed. castellana].
260 _a[Madrid :
_bCoca y Biosca,
_c1946]
300 _a476 p., 11 lám. :
_bretr. aut. ;
_c20 cm.
651 4 _aEuropa-
_xHistoria-
_y1918-1945.
_98609
700 1 _aSentís, Carlos.
_9105483
700 1 _aVázquez Zamora, Rafael,
_d1911-1972
_9113498
852 _aES-MaACL
_jD-5602
999 _c34946
_d34946